000 00917nmm a2200277 a 4500
001 ocm0002016116
003 TR-IsHL
005 20201028181556.0
008 190104s2018 tu tur
007 cr cn
020 _a9786059937948
035 _a2016116
_b(N$T)
050 0 4 _aPL248.O988
_bM45 2018
090 0 4 _aPL248.O988
_bM45 2018
100 1 _aÖztürk, Sıtkı
245 1 0 _aMemlük: kölelikten sultanlığa
_h[electronic resource] /
_cSıtkı Öztürk ; editör Hatice Eğilmez Kaya
260 _aİstanbul :
_bAnatolia Kitap,
_c2018
300 _a413 p.
650 4 _aDil ve Edebiyat
650 4 _aLanguage and Literature
650 0 _aTürk romanı
650 0 _aTurkish fiction
650 7 _aLITERARY COLLECTIONS / Middle Eastern
_2bisacsh
700 1 _aKaya, Hatice Eğilmez
856 4 0 _uhttp://search.ebscohost.com/login.aspx?direct=true&scope=site&db=e011xww&AN=2016116
999 _c19665
_d19665